Punctuation and Typography - Statistics

General Stats
  • This quiz has been taken 103 times
  • The average score is 11 of 15
Answer Stats
Hint Answer % Correct
? Question Mark
98%
, Comma
93%
; Semi-colon
92%
: Colon
91%
. Period
90%
[ ] Brackets
86%
& Ampersand
80%
' Apostrophe
79%
! Exclamation Mark
76%
" " Quotation Marks
75%
( ) Parentheses
71%
* Asterisk
62%
... Ellipsis
52%
{ } Braces
38%
^ Caret
37%
No matching quizzes found
Score Distribution
Percent of People with Each Score
Percentile by Number Answered
Your Score History
You have not taken this quiz